The Role of direct private foreign investment in developing countries

Αποθηκεύτηκε σε:
Λεπτομέρειες βιβλιογραφικής εγγραφής
Κύριος συγγραφέας: Streeten, Paul
Μορφή: Βιβλίο
Γλώσσα:Undetermined
Έκδοση: Tokyo Sophia University 1993
Θέματα:
Ετικέτες: Προσθήκη ετικέτας
Δεν υπάρχουν, Καταχωρήστε ετικέτα πρώτοι!
Thư viện lưu trữ: Trung tâm Học liệu Trường Đại học Cần Thơ
LEADER 00538nam a2200181Ia 4500
001 CTU_82293
008 210402s9999 xx 000 0 und d
082 |a 330.9 
082 |b S915 
100 |a Streeten, Paul 
245 4 |a The Role of direct private foreign investment in developing countries 
245 0 |c Paul Streeten 
260 |a Tokyo 
260 |b Sophia University 
260 |c 1993 
650 |a Developing countries,Foreign investments 
904 |i Trọng Hải 
980 |a Trung tâm Học liệu Trường Đại học Cần Thơ